Българските държавни символи (Запис номер 346540)
[ съкратено ]
| 000 -Лидер | |
|---|---|
| Контролно поле с фиксирана дължина | 02098nam a2200505 c 4500 |
| 003 - Код на организацията, давaща контролен номер | |
| Контролно поле | BLK |
| 005 - Дата и час на последна редакция | |
| Контролно поле | 20241101153827.0 |
| 008 - Елементи от данни с фиксирана дължина | |
| fixed length control field | 180411b bul|||||r ||||||| ||bul|| |
| 010 ## - Наследен системен номер | |
| LC control number | KNG00185504000 |
| 020 ## - Международен стандартен номер на книга ISBN | |
| Международен стандартен номер на книга ISBN | 9789546607966 |
| 040 ## - Източник на каталожния запис | |
| Идентификатор на билиотеката - собственик на записа | BLK |
| 041 ## - Код за език | |
| Код за езика на текст/звукозапис или на отделно заглавие | Български |
| Код за езика КДБФ | Български |
| 072 #7 - Код за тематичната категория | |
| Код организация | bullib |
| Код за тематична категория | Н86 |
| Текст | Детска отраслова литература Н |
| 080 ## - УДК | |
| Текстов определител УДК | Държава. Структура на държавите - Държава като юридическа личност. Отличителни знаци (име, химн, герб, знаме). Политически дуализъм, федерализъм, административно-териториално разделение, съюз |
| УДК код - определител по УДК | 342.2 |
| УДК определител | (497.2)(02.053.2) |
| УДК - код + определител | 342.2(497.2)(02.053.2) |
| 080 ## - УДК | |
| Текстов определител УДК | Хералдика. Знамена. Гербове. Флагове |
| УДК код - определител по УДК | 929.6/.9 |
| УДК определител | (497.2)(02.053.2) |
| УДК - код + определител | 929.6/.9(497.2)(02.053.2) |
| 100 1# - Редна дума - Автор | |
| Автор | Русанов, Любомир Кирилов |
| R(LIN) | 117434 |
| 139 ## - Редно поле | |
| Редна дума | Русанов, Любомир Кирилов |
| Авторски знак | Рус - Р 93 |
| 245 10 - Сведения за заглавието | |
| Заглавие | Българските държавни символи |
| Редно поле (дума) | Любомир Кирилов Русанов. |
| 257 ## - Страна на издаване | |
| Страна на създаване/издаване | България |
| 260 ## - Област на издателските данни | |
| Име на издателя, разпространителя и проч. | ПАН |
| Година на издаване | 2017 |
| 300 ## - Физическа характеристика | |
| Страници | 16 с. |
| Илюстрации и др. | с цв. ил. |
| Размери/Мащаб | 28 см |
| 380 ## - Жанр | |
| Жанр | Детска отраслова лит. |
| 490 1# - СЕРИИ (Колекции) | |
| Име на серия | Поредица Моята първа книга за... |
| 650 #4 - Допълнително описание по предмет – тема | |
| Основно описание – тема или топоним | Държава - България |
| 9 (RLIN) | 340805 |
| 650 #4 - Допълнително описание по предмет – тема | |
| Основно описание – тема или топоним | Хералдика |
| 9 (RLIN) | 176408 |
| 651 #4 - Допълнително описание по предмет - топоним | |
| Географско понятие | България |
| 9 (RLIN) | 241624 |
| 653 ## - Ключова дума – ненормативна | |
| Ключова дума | гербове |
| 653 ## - Ключова дума – ненормативна | |
| Ключова дума | химни |
| 653 ## - Ключова дума – ненормативна | |
| Ключова дума | знамена |
| 653 ## - Ключова дума – ненормативна | |
| Ключова дума | Конституция |
| 653 ## - Ключова дума – ненормативна | |
| Ключова дума | пари |
| 653 ## - Ключова дума – ненормативна | |
| Ключова дума | медали |
| 653 ## - Ключова дума – ненормативна | |
| Ключова дума | ордени |
| 653 ## - Ключова дума – ненормативна | |
| Ключова дума | държавност |
| 653 ## - Ключова дума – ненормативна | |
| Ключова дума | държавни символи |
| 653 ## - Ключова дума – ненормативна | |
| Ключова дума | институции |
| 653 ## - Ключова дума – ненормативна | |
| Ключова дума | литература за деца |
| 653 ## - Ключова дума – ненормативна | |
| Ключова дума | детска литература |
| 659 ## - Тематичен бюлетин | |
| Тематичен бюлетин | Н |
| 852 ## - Местоположение | |
| Форматна сигнатура | Цб |
| 999 ## - СИСТЕМНИ КОНТРОЛНИ НОМЕРА | |
| Koha biblionumber | 346540 |
| Koha biblioitemnumber | 346540 |
| 942 ## - АРТИКУЛИ | |
| Вид на библиотечния материал | Книги |
| Скрит в OPAC | Не |
| Koha issues (borrowed), all copies | 1 |
| Периодичен библиозапис | Да |
| 999 ## - СИСТЕМНИ КОНТРОЛНИ НОМЕРА | |
| Koha biblioitemnumber | 346540 |
| 999 ## - СИСТЕМНИ КОНТРОЛНИ НОМЕРА | |
| Koha biblioitemnumber | 176874 |
| 944 ## - СЪЗДАВАНЕ И РЕДАКЦИЯ на ЗАПИСА | |
| Служител, извършил регистрацията/редакцията | 30560 |
| Статус, дата на статуса | Геновева Генчева |
| Код за отписване | Код за изгубен артикул | Източник на класификационната схема | Код за повреда | Коз за рестрикции | Код за отдаване | Артикулен № | Име на библиотеката - собственик | Име на библиотеката, в която се намира в момента | Статус (Текущо местоположение) | Дата на вписване в системата | Местоположение - отдел | Цена в лева | Систематично азбучна сигнатура | Баркод | Цена в евро | Служебен тип на артикула |
|---|---|---|---|---|---|---|---|---|---|---|---|---|---|---|---|---|
| Не е изгубен | Universal Decimal Classification | Не е повреден | само за читалня | ползва се в читалня | 749334 | Регионална библиотека "Любен Каравелов" Русе | Регионална библиотека "Любен Каравелов" Русе | Хранилище | 2019-11-19 | Хранилище | 2.90 | Цб II 24227 | 120000837589 | 1.48 | Книги |